[Event "Paris Apsap op"]
[Site "Paris"]
[Date "1998.??.??"]
[Round "?"]
[White "Sauvetre, Alain"]
[Black "Scemama, Henry"]
[Result "1-0"]
[WhiteElo "2075"]
[BlackElo "2235"]
[PlyCount "39"]
[EventDate "1998.??.??"]
[EventType "swiss"]
[EventRounds "9"]
[EventCountry "FRA"]
[SourceTitle "EXT 2002"]
[Source "ChessBase"]
[SourceDate "2001.11.25"]
[SourceVersion "1"]
[SourceVersionDate "2001.11.25"]
[SourceQuality "1"]

1. e4 c5 2. d4 cxd4 3. c3 dxc3 4. Nxc3 Nc6 5. Nf3 a6 6. Bc4 e6 7. 0-0 Nge7 8. Bg5 f6 9. Be3 b5 10. Bd3 Ng6 11. Rc1 Bb4 12. Bb1 0-0 13. a3 Be7 14. Nd5 exd5 15. exd5 Nce5 16. Nxe5 fxe5 17. d6 Bb7 18. dxe7 Qxe7 19. Qh5 Qe6 20. Rfd1 1-0